000 00297nam a2200121Ia 4500
008 191201s2019 xx 000 0 und d
100 _aS.S, Vinod, Chandra
245 0 _aArtificial Intelligence and Machine Learning
260 _bPHI
300 _a348
650 _aB.Tech(IT)
942 _2ddc
_cBK
_07
999 _c6890
_d6890